[Event "Six Nations Cup 26th"]
[Site "Knuellwald"]
[Date "30.04.30"]
[Round "3.4"]
[White "Makkinje, Jeroen"]
[Black "Cizman, Gregor"]
[Result "1/2-1/2"]
[WhiteElo "1356"]
[BlackElo "1528"]
[PlyCount "59"]
[EventDate "2022.04.29"]
[EventType "team-tourn"]
[EventRounds "5"]
[EventCountry "GER"]
[WhiteTeam "Netherlands I"]
[BlackTeam "Slovenia V"]
[WhiteTeamCountry "NED"]
[BlackTeamCountry "SLO"]

1. e4 c6 2. d4 d5 3. e5 Bf5 4. Bd3 Bxd3 5. Qxd3 e6 6. Nf3 Qa5+ 7. c3 Qa6 8.
Qxa6 Nxa6 9. Nbd2 Ne7 10. b4 Nc7 11. a4 Nf5 12. Nb3 a6 13. g4 Ne7 14. Be3 h5
15. g5 g6 16. h4 Nf5 17. Nfd2 Be7 18. Nf1 Kd7 19. Ng3 Rhc8 20. Nxf5 exf5 21.
Ke2 Ne6 22. f4 b6 23. a5 b5 24. Rhd1 Ke8 25. Rd2 Rd8 26. Rad1 Ra7 27. Kf2 Rad7
28. Ke2 Ra7 29. Kf2 Rad7 30. Ke2 1/2-1/2

[Event "Six Nations Cup 26th"]
[Site "Knuellwald"]
[Date "2022.04.30"]
[Round "3.1"]
[White "Magnusson, Jorgen"]
[Black "Casadei, Marco"]
[Result "1-0"]
[WhiteElo "2277"]
[BlackElo "1968"]
[PlyCount "75"]
[EventDate "2022.04.29"]
[EventType "team-tourn"]
[EventRounds "5"]
[EventCountry "GER"]
[WhiteTeam "Sweden IV"]
[BlackTeam "Italy VI"]
[WhiteTeamCountry "SWE"]
[BlackTeamCountry "ITA"]

1. e4 c5 2. Be2 Nc6 3. d3 g6 4. f4 Bg7 5. Nf3 e6 6. O-O Nge7 7. Qe1 O-O 8. c3
d5 9. Na3 b6 10. Nc2 Ba6 11. e5 d4 12. c4 Bb7 13. Ng5 Na5 14. Bf3 h6 15. Bxb7
Nxb7 16. Ne4 Kh7 17. Bd2 Nc6 18. Rf3 Ne7 19. Rh3 Ng8 20. Qe2 Qe7 21. Ne1 Rae8
22. Nf3 f5 23. exf6 Bxf6 24. Re1 Nd8 25. Ne5 Bxe5 26. fxe5 Nf7 27. Rf1 Kg7 28.
Nf6 Rc8 29. Nxg8 Rxg8 30. Rhf3 Rgf8 31. Rf6 Rce8 32. Qe4 Nh8 33. h4 Kh7 34. Qf4
Rxf6 35. Qxh6+ Kg8 36. exf6 Qf7 37. Rf3 Qh7 38. f7+ 1-0

[Event "Six Nations Cup 26th"]
[Site "Knuellwald"]
[Date "2022.04.30"]
[Round "3.2"]
[White "Vrioni, Bersan"]
[Black "Johansson, William"]
[Result "1/2-1/2"]
[WhiteElo "1942"]
[BlackElo "1984"]
[PlyCount "73"]
[EventDate "2022.04.29"]
[EventType "team-tourn"]
[EventRounds "5"]
[EventCountry "GER"]
[WhiteTeam "Italy VI"]
[BlackTeam "Sweden IV"]
[WhiteTeamCountry "ITA"]
[BlackTeamCountry "SWE"]

{[%evp 0,73,43,43,60,71,71,46,48,31,21,22,25,48,45,54,50,24,63,50,61,44,57,51,
55,42,73,78,76,117,121,132,96,96,86,95,126,109,104,97,110,110,110,100,129,122,
122,75,80,80,47,33,122,103,97,94,118,77,118,73,61,33,17,0,13,13,0,9,6,-3,0,-2,
0,-23,-23,-9]} 1. e4 c6 2. d4 d5 3. exd5 cxd5 4. Bd3 Nc6 5. c3 Nf6 6. Bf4 Bd7
7. Nd2 e6 8. Ngf3 Be7 9. Ne5 O-O 10. O-O Rc8 11. Re1 a6 12. Re3 Re8 13. Rh3 g6
14. Qf3 Nxe5 15. dxe5 Ne4 16. Nxe4 dxe4 17. Bxe4 Bc6 18. Bxc6 Rxc6 19. Qe2 Qc7
20. Rd3 Rc4 21. Qd2 Qc6 22. b3 Rc5 23. c4 b5 24. cxb5 axb5 25. Rc1 Rc8 26. Rxc5
Qxc5 27. h3 Kf8 28. Qe3 Ke8 29. Qxc5 Rxc5 30. Kf1 g5 31. Bg3 Rc2 32. a4 bxa4
33. bxa4 Rc4 34. f3 Rxa4 35. Be1 Ra2 36. Rd1 Bc5 37. h4 1/2-1/2

[Event "Six Nations Cup 26th"]
[Site "Knuellwald"]
[Date "2022.04.30"]
[Round "3.3"]
[White "Johansson, Tage"]
[Black "Badano, Giancarlo"]
[Result "1-0"]
[WhiteElo "1877"]
[BlackElo "1855"]
[PlyCount "85"]
[EventDate "2022.04.29"]
[EventType "team-tourn"]
[EventRounds "5"]
[EventCountry "GER"]
[WhiteTeam "Sweden IV"]
[BlackTeam "Italy VI"]
[WhiteTeamCountry "SWE"]
[BlackTeamCountry "ITA"]

1. e4 e5 2. f4 d6 3. Bc4 Nf6 4. d3 Nc6 5. Nf3 Be7 6. Nc3 O-O 7. h3 Be6 8. Bb3
Nd7 9. O-O Nd4 10. Nxd4 exd4 11. Ne2 c5 12. g4 Bxb3 13. axb3 Nb6 14. Ng3 g6 15.
g5 f6 16. h4 fxg5 17. hxg5 d5 18. Kg2 dxe4 19. dxe4 c4 20. bxc4 Nxc4 21. Qd3
Nb6 22. Ne2 Bc5 23. Rd1 Qd7 24. Qh3 Qxh3+ 25. Kxh3 Rfd8 26. Ra5 Rdc8 27. b3 Bb4
28. Ra2 Bc3 29. Bd2 a6 30. Bxc3 dxc3 31. Rd3 Rc7 32. Rxc3 Re7 33. Ng3 Rd8 34.
Rd3 Red7 35. Rxd7 Rxd7 36. c4 Rd3 37. Rb2 Rc3 38. Kg4 Kf7 39. Rh2 Kg7 40. Rb2
Kf7 41. f5 Nd7 42. Ne2 Rd3 43. Kf4 1-0

[Event "Six Nations Cup 26th"]
[Site "Knuellwald"]
[Date "2022.04.30"]
[Round "3.4"]
[White "Pezzolato, Erica"]
[Black "Gransmark, Patrik"]
[Result "0-1"]
[WhiteElo "1439"]
[BlackElo "1659"]
[PlyCount "60"]
[EventDate "2022.04.29"]
[EventType "team-tourn"]
[EventRounds "5"]
[EventCountry "GER"]
[WhiteTeam "Italy VI"]
[BlackTeam "Sweden IV"]
[WhiteTeamCountry "ITA"]
[BlackTeamCountry "SWE"]
[TimeControl "5400+30"]

1. c4 e5 2. d3 Bb4+ 3. Bd2 Bxd2+ 4. Nxd2 d6 5. Ngf3 f5 6. g3 Nf6 7. Bg2 O-O 8.
O-O Qe8 9. e3 Nc6 10. a3 Qh5 11. Nh4 Qh6 12. f4 exf4 13. exf4 Re8 14. Re1 Rxe1+
15. Qxe1 Bd7 16. Qf2 Ng4 17. Qf3 Qf6 18. Rb1 Qd4+ 19. Kh1 Nf2+ 20. Kg1 Nh3+ 21.
Kh1 Nf2+ 22. Kg1 Nxd3+ 23. Kf1 Nc5 24. Qd5+ Qxd5 25. Bxd5+ Kf8 26. Nhf3 g6 27.
Re1 Re8 28. Rxe8+ Bxe8 29. Ke2 Bf7 30. Bxf7 Kxf7 0-1

[Event "Six Nations Cup 26th"]
[Site "Knuellwald"]
[Date "2022.04.30"]
[Round "3.1"]
[White "Thevenet, Yann"]
[Black "Schellmann, Frank"]
[Result "1/2-1/2"]
[WhiteElo "1981"]
[BlackElo "2055"]
[PlyCount "49"]
[EventDate "2022.04.29"]
[EventType "team-tourn"]
[EventRounds "5"]
[EventCountry "GER"]
[WhiteTeam "France III"]
[BlackTeam "Germany II"]
[WhiteTeamCountry "FRA"]
[BlackTeamCountry "GER"]

1. e4 e5 2. f4 d5 3. exd5 exf4 4. Nf3 Nf6 5. d4 Nxd5 6. Be2 Be7 7. c4 Ne3 8.
Bxe3 fxe3 9. Qd3 Nc6 10. Qxe3 O-O 11. Nc3 Bh4+ 12. g3 Bf6 13. Nd5 Bh3 14. O-O-O
Re8 15. Qf2 Bg5+ 16. Kb1 Bh6 17. Rhg1 Be6 18. Nf4 Bf5+ 19. Bd3 Bxd3+ 20. Rxd3
Qd7 21. Nd5 Qf5 22. Qc2 f6 23. g4 Qe4 24. a3 Rad8 25. h4 1/2-1/2

[Event "Six Nations Cup 26th"]
[Site "Knuellwald"]
[Date "2022.04.30"]
[Round "3.2"]
[White "Dobierzin, Olaf"]
[Black "Deville, Olivier"]
[Result "1-0"]
[WhiteElo "2004"]
[BlackElo "1764"]
[PlyCount "107"]
[EventDate "2022.04.29"]
[EventType "team-tourn"]
[EventRounds "5"]
[EventCountry "GER"]
[WhiteTeam "Germany II"]
[BlackTeam "France III"]
[WhiteTeamCountry "GER"]
[BlackTeamCountry "FRA"]

1. e4 c5 2. Nf3 d6 3. d4 Nf6 4. Nc3 cxd4 5. Nxd4 Nc6 6. Bg5 e6 7. Qd2 a6 8.
O-O-O Bd7 9. f3 b5 10. Nxc6 Bxc6 11. Kb1 b4 12. Ne2 a5 13. Nd4 Bd7 14. Nb5 Qb6
15. Nxd6+ Bxd6 16. Qxd6 Qxd6 17. Rxd6 Ke7 18. Rd2 h6 19. Bf4 Rhc8 20. Be2 Ba4
21. Rhd1 Rd8 22. Rxd8 Rxd8 23. Rxd8 Kxd8 24. Be5 Kd7 25. b3 Bc6 26. Kb2 Ne8 27.
c3 f6 28. Bg3 bxc3+ 29. Kxc3 Nd6 30. a4 e5 31. Bd3 Kc7 32. Bf2 Nb7 33. Ba6 Kd6
34. Bb6 Nc5 35. Bc8 Nb7 36. Bxb7 Bxb7 37. Bxa5 g6 38. b4 f5 39. exf5 gxf5 40.
b5 e4 41. fxe4 Bxe4 42. g3 Kc5 43. Bd8 Bf3 44. Be7+ Kb6 45. Kb4 Be4 46. a5+ Kb7
47. Kc5 Bf3 48. Bd6 Be4 49. Bf4 h5 50. Be3 Bf3 51. a6+ Ka7 52. Kb4+ Kb8 53. b6
Be2 54. Ka5 1-0

[Event "Six Nations Cup 26th"]
[Site "Knuellwald"]
[Date "2022.04.30"]
[Round "3.3"]
[White "Meyer, Eric"]
[Black "Dyballa, Gerhard"]
[Result "1/2-1/2"]
[WhiteElo "1633"]
[BlackElo "1920"]
[PlyCount "46"]
[EventDate "2022.04.29"]
[EventType "team-tourn"]
[EventRounds "5"]
[EventCountry "GER"]
[WhiteTeam "France III"]
[BlackTeam "Germany II"]
[WhiteTeamCountry "FRA"]
[BlackTeamCountry "GER"]

1. d4 Nf6 2. Bg5 e6 3. e4 h6 4. Bxf6 Qxf6 5. Nf3 d5 6. e5 Qd8 7. Bd3 c5 8. c3
Nc6 9. dxc5 Bxc5 10. O-O a5 11. a4 Qb6 12. Bb5 O-O 13. Qc2 Bd7 14. Nbd2 f6 15.
Bxc6 Bxc6 16. Nb3 Be7 17. Nbd4 Be8 18. Qe2 f5 19. Nb5 Bxb5 20. Qxb5 Qxb5 21.
axb5 Rfc8 22. Nd4 Kf7 23. Ra4 Bc5 1/2-1/2

[Event "Six Nations Cup 26th"]
[Site "Knuellwald"]
[Date "2022.04.30"]
[Round "3.4"]
[White "Eichstaedt, Axel"]
[Black "Ambrosino, Theo"]
[Result "1-0"]
[WhiteElo "1753"]
[BlackElo "1570"]
[PlyCount "57"]
[EventDate "2022.04.29"]
[EventType "team-tourn"]
[EventRounds "5"]
[EventCountry "GER"]
[WhiteTeam "Germany II"]
[BlackTeam "France III"]
[WhiteTeamCountry "GER"]
[BlackTeamCountry "FRA"]

1. e4 d5 2. exd5 Qxd5 3. Nf3 Nf6 4. d4 Bg4 5. Be2 e6 6. c4 Qd7 7. h3 Bxf3 8.
Bxf3 c6 9. O-O Na6 10. Be3 Nc7 11. Nc3 Be7 12. Qb3 Na6 13. Rfd1 Qc8 14. d5 cxd5
15. cxd5 exd5 16. Nxd5 Nxd5 17. Bxd5 Nc5 18. Bxc5 Qxc5 19. Bxb7 O-O 20. Bxa8
Rxa8 21. Rac1 Qb4 22. Qxb4 Bxb4 23. Rd7 Ba5 24. a3 g6 25. b4 Bb6 26. a4 a5 27.
b5 Kg7 28. Rc6 Bd8 29. b6 1-0

[Event "Six Nations Cup 26th"]
[Site "Knuellwald"]
[Date "2022.05.01"]
[Round "4.1"]
[White "Harnandan, Sergio"]
[Black "Schellmann, Frank"]
[Result "1-0"]
[WhiteElo "1888"]
[BlackElo "2055"]
[Annotator "Frank"]
[PlyCount "71"]
[EventDate "2022.04.29"]
[EventType "team-tourn"]
[EventRounds "5"]
[EventCountry "GER"]
[WhiteTeam "Netherlands I"]
[BlackTeam "Germany II"]
[WhiteTeamCountry "NED"]
[BlackTeamCountry "GER"]

{[%evp 0,62,28,33,24,-23,57,16,21,-15,-15,26,68,64,40,37,40,39,39,-28,-18,-34,
-42,-61,-24,-29,-33,-47,10,10,12,-17,53,2,0,-29,30,35,40,19,-4,0,0,0,86,87,122,
109,109,91,141,118,116,124,120,96,221,209,220,235,275,290,307,282,297]} 1. d4
Nf6 2. c4 g6 3. f3 c5 4. d5 d6 5. Nc3 e6 6. e4 Bg7 7. Bd3 Nbd7 8. Nge2 Ne5 9.
f4 Nxd3+ 10. Qxd3 exd5 11. cxd5 O-O 12. O-O Re8 13. f5 Ng4 14. Qg3 Ne5 15. Bg5
Qb6 16. fxg6 hxg6 17. Bf6 c4+ 18. Kh1 Bd7 19. Qh4 Bxf6 20. Qxf6 Bg4 21. Rf4 Qd8
22. Nd4 a6 23. h3 Bc8 24. Raf1 Qxf6 25. Rxf6 Rd8 26. Nf3 Nxf3 27. R1xf3 Rf8 28.
Rxd6 Kg7 29. Rb6 f6 30. Kg1 Rb8 31. Kf2 Rf7 32. Ke3 Bd7 33. Kd4 g5 34. Kxc4 g4
35. hxg4 Bxg4 36. Rg3 1-0

[Event "Six Nations Cup 26th"]
[Site "Knuellwald"]
[Date "2022.05.01"]
[Round "4.2"]
[White "Dobierzin, Olaf"]
[Black "De Jong, Lucas"]
[Result "1/2-1/2"]
[WhiteElo "2004"]
[BlackElo "1633"]
[PlyCount "52"]
[EventDate "2022.04.29"]
[EventType "team-tourn"]
[EventRounds "5"]
[EventCountry "GER"]
[WhiteTeam "Germany II"]
[BlackTeam "Netherlands I"]
[WhiteTeamCountry "GER"]
[BlackTeamCountry "NED"]

1. e4 d6 2. d4 Nf6 3. Nc3 g6 4. f4 Bg7 5. Nf3 O-O 6. Bd3 Na6 7. e5 dxe5 8. dxe5
Nd7 9. Qe2 Nac5 10. Bc4 Nb6 11. Be3 Nxc4 12. Qxc4 Ne6 13. O-O c6 14. a4 Qc7 15.
Ne4 Nd8 16. Nd4 b6 17. a5 Qb7 18. axb6 axb6 19. Ng5 h6 20. Ngf3 c5 21. Nb5 Be6
22. Qe2 Nc6 23. Rfd1 Rxa1 24. Rxa1 Rd8 25. Nc3 Nb4 26. Nb5 Nc6 1/2-1/2

[Event "Six Nations Cup 26th"]
[Site "Knuellwald"]
[Date "2022.05.01"]
[Round "4.4"]
[White "Eichstaedt, Axel"]
[Black "Gundogmus, Alaettin"]
[Result "1-0"]
[WhiteElo "1753"]
[BlackElo "1588"]
[PlyCount "87"]
[EventDate "2022.04.29"]
[EventType "team-tourn"]
[EventRounds "5"]
[EventCountry "GER"]
[WhiteTeam "Germany II"]
[BlackTeam "Netherlands I"]
[WhiteTeamCountry "GER"]
[BlackTeamCountry "NED"]

{[%evp 0,87,23,35,35,35,24,8,47,48,53,46,42,46,39,32,33,11,42,39,35,37,26,6,17,
7,35,28,35,39,43,34,38,39,181,163,164,164,166,185,194,200,186,191,190,296,269,
269,308,308,316,272,284,289,293,294,303,252,297,279,320,311,318,332,343,355,
350,352,375,307,375,387,405,408,428,436,452,479,530,542,557,530,550,646,1073,
979,1284,1331,1451,1474]} 1. e4 e5 2. Nf3 Nc6 3. Bb5 d6 4. d4 Bd7 5. d5 Nce7 6.
a4 a6 7. Bd3 Ng6 8. c4 a5 9. Nc3 Be7 10. O-O Nf6 11. Ne2 Bg4 12. Ng3 Nf4 13. h3
Nxd3 14. Qxd3 Bxf3 15. Qxf3 O-O 16. Nf5 g6 17. Nxe7+ Qxe7 18. Bg5 Kg7 19. Qe3
Rfe8 20. f4 Qd7 21. fxe5 Ng8 22. exd6 Qxd6 23. Bf4 Qb6 24. Qxb6 cxb6 25. Rae1
Nf6 26. Bh6+ Kxh6 27. Rxf6 Re7 28. Kf2 Rae8 29. Kf3 Kg5 30. Rxb6 f5 31. e5 Rxe5
32. Rxe5 Rxe5 33. Rxb7 h5 34. Rb6 Re4 35. b3 Rd4 36. Ke3 Re4+ 37. Kd3 Re1 38.
c5 Rd1+ 39. Kc4 Rc1+ 40. Kd4 Rd1+ 41. Ke5 Re1+ 42. Kd6 Kf6 43. c6 f4 44. c7 1-0

[Event "Six Nations Cup 26th"]
[Site "Knuellwald"]
[Date "2022.05.01"]
[Round "4.1"]
[White "Casadei, Marco"]
[Black "Thevenet, Yann"]
[Result "1-0"]
[WhiteElo "1968"]
[BlackElo "1981"]
[PlyCount "53"]
[EventDate "2022.04.29"]
[EventType "team-tourn"]
[EventRounds "5"]
[EventCountry "GER"]
[WhiteTeam "Italy VI"]
[BlackTeam "France III"]
[WhiteTeamCountry "ITA"]
[BlackTeamCountry "FRA"]
[TimeControl "5400+30"]

1. e4 e5 2. Nf3 Nc6 3. Bc4 Bc5 4. c3 Nf6 5. d4 exd4 6. cxd4 Bb4+ 7. Bd2 Bxd2+
8. Nbxd2 d5 9. exd5 Nxd5 10. Qb3 Be6 11. Qxb7 Na5 12. Qb5+ c6 13. Qc5 Qb6 14.
O-O Qxc5 15. dxc5 Rb8 16. b3 O-O 17. Nd4 h6 18. Nxe6 fxe6 19. Rfe1 Nxc4 20.
Nxc4 Rf6 21. Ne5 Rb5 22. Rac1 Ne7 23. Re4 a5 24. Nd7 Rg6 25. Rce1 Rb7 26. Nb6
Kf7 27. Nc4 1-0

[Event "Six Nations Cup 26th"]
[Site "Knuellwald"]
[Date "2022.05.01"]
[Round "4.2"]
[White "Deville, Olivier"]
[Black "Vrioni, Bersan"]
[Result "1-0"]
[WhiteElo "1764"]
[BlackElo "1942"]
[PlyCount "125"]
[EventDate "2022.04.29"]
[EventType "team-tourn"]
[EventRounds "5"]
[EventCountry "GER"]
[WhiteTeam "France III"]
[BlackTeam "Italy VI"]
[WhiteTeamCountry "FRA"]
[BlackTeamCountry "ITA"]

1. d4 Nf6 2. c4 e6 3. Nf3 d5 4. g3 c6 5. Qc2 Nbd7 6. Bg2 Bd6 7. O-O O-O 8. Nbd2
e5 9. cxd5 cxd5 10. dxe5 Nxe5 11. Nxe5 Bxe5 12. Nf3 Qc7 13. Qxc7 Bxc7 14. b3
Bb6 15. Bb2 Ne4 16. Rac1 Bg4 17. h3 Be6 18. Bd4 Ba5 19. a3 Rfc8 20. b4 Bd8 21.
Rfd1 b6 22. Ne5 Bf6 23. Nc6 Rxc6 24. Rxc6 Bxd4 25. Rxd4 Nf6 26. Kh2 g6 27. Rc7
Ne8 28. Rc1 Nf6 29. h4 h5 30. f3 Kf8 31. Bh3 Ke7 32. Bxe6 fxe6 33. Rd2 Rd8 34.
Rc7+ Rd7 35. Rxd7+ Kxd7 36. Kh3 Kc6 37. Rc2+ Kd7 38. b5 Ne8 39. Rc6 Nd6 40. a4
Nc4 41. e4 Ne5 42. exd5 exd5 43. Rf6 Ke7 44. Rf4 Nd7 45. g4 Ke6 46. gxh5 gxh5
47. Kg3 Nc5 48. Rb4 Kf5 49. f4 Ne6 50. Kf3 Nc5 51. Rd4 Ke6 52. f5+ Ke5 53. Ke3
Ne4 54. Rd1 Nf6 55. Rc1 Kxf5 56. Rc7 Ke5 57. Rxa7 Ne4 58. Re7+ Kd6 59. Rh7 Nc5
60. Rh6+ Ne6 61. a5 bxa5 62. b6 a4 63. Rxe6+ 1-0

[Event "Six Nations Cup 26th"]
[Site "Knuellwald"]
[Date "2022.05.01"]
[Round "4.3"]
[White "Badano, Giancarlo"]
[Black "Meyer, Eric"]
[Result "1/2-1/2"]
[WhiteElo "1855"]
[BlackElo "1633"]
[PlyCount "118"]
[EventDate "2022.04.29"]
[EventType "team-tourn"]
[EventRounds "5"]
[EventCountry "GER"]
[WhiteTeam "Italy VI"]
[BlackTeam "France III"]
[WhiteTeamCountry "ITA"]
[BlackTeamCountry "FRA"]

1. e4 d6 2. d4 Nf6 3. Bd3 g6 4. f4 Bg7 5. Nf3 Bg4 6. O-O O-O 7. c4 Nc6 8. d5
Nb4 9. Nc3 Nxd3 10. Qxd3 Nd7 11. h3 Nc5 12. Qc2 Bd7 13. Be3 Na6 14. a3 c6 15.
Rad1 Nc7 16. Nd4 c5 17. Nf3 b5 18. b3 Qc8 19. g4 Qa6 20. e5 bxc4 21. b4 cxb4
22. axb4 Qb7 23. Ra1 a6 24. Rfd1 Nb5 25. Ne4 Rfc8 26. Ra2 Rc7 27. Kf2 c3 28.
Qb3 Qc8 29. Rc2 a5 30. bxa5 Rxa5 31. Rb1 Ra3 32. Qb4 Rc4 33. e6 fxe6 34. dxe6
Rxb4 35. exd7 Qxd7 36. Rxb4 Qc6 37. Nfg5 d5 38. Bc1 dxe4 39. Bxa3 Qc5+ 40. Kf1
Nxa3 41. Rb8+ Bf8 42. Rxf8+ Kxf8 43. Ne6+ Kf7 44. Nxc5 Nxc2 45. Nxe4 Ne3+ 46.
Ke2 c2 47. Kd2 h6 48. Nc5 e6 49. Nd3 Nd5 50. Kxc2 Kf6 51. Kd2 g5 52. fxg5+ Kxg5
53. Ne5 Nf4 54. Nf3+ Kf6 55. h4 Nd5 56. Ke2 e5 57. g5+ hxg5 58. hxg5+ Kf5 59.
Nxe5 Kxg5 1/2-1/2

[Event "Six Nations Cup 26th"]
[Site "Knuellwald"]
[Date "2022.05.01"]
[Round "4.1"]
[White "Mlacnik, Franc"]
[Black "Magnusson, Jorgen"]
[Result "0-1"]
[WhiteElo "2001"]
[BlackElo "2277"]
[PlyCount "56"]
[EventDate "2022.04.29"]
[EventType "team-tourn"]
[EventRounds "5"]
[EventCountry "GER"]
[WhiteTeam "Slovenia V"]
[BlackTeam "Sweden IV"]
[WhiteTeamCountry "SLO"]
[BlackTeamCountry "SWE"]

1. d4 g6 2. c4 Bg7 3. Nc3 c5 4. d5 Bxc3+ 5. bxc3 f5 6. h4 Qa5 7. Qc2 Nf6 8. Bg5
Ne4 9. f3 Ng3 10. Rh3 Nxf1 11. Kxf1 d6 12. h5 gxh5 13. Rxh5 Nd7 14. f4 Nb6 15.
e4 Qa6 16. Re1 Qxc4+ 17. Kf2 Bd7 18. exf5 O-O-O 19. Bxe7 Qxf4+ 20. Nf3 Rde8 21.
f6 Rhg8 22. c4 Nxc4 23. Re4 Qg3+ 24. Kf1 Bb5 25. Rxc4 Bxc4+ 26. Qxc4 Qxg2+ 27.
Ke1 Qxf3 28. Rh2 Qe3+ 0-1

[Event "Six Nations Cup 26th"]
[Site "Knuellwald"]
[Date "2022.05.01"]
[Round "4.3"]
[White "Muri, Emil"]
[Black "Johansson, Tage"]
[Result "1-0"]
[WhiteElo "1757"]
[BlackElo "1877"]
[PlyCount "83"]
[EventDate "2022.04.29"]
[EventType "team-tourn"]
[EventRounds "5"]
[EventCountry "GER"]
[WhiteTeam "Slovenia V"]
[BlackTeam "Sweden IV"]
[WhiteTeamCountry "SLO"]
[BlackTeamCountry "SWE"]

1. e4 e6 2. Nf3 d5 3. Nc3 Nf6 4. e5 Nfd7 5. d4 c5 6. dxc5 Nc6 7. Bf4 Nxc5 8.
Bd3 Be7 9. O-O g5 10. Bg3 h5 11. h3 a6 12. a3 Qc7 13. Re1 Bd7 14. Nxd5 exd5 15.
e6 Qd8 16. exd7+ Qxd7 17. Nxg5 Kf8 18. Nf3 Bf6 19. c3 h4 20. Bf4 Rg8 21. Bc2
Ne6 22. Bf5 Ne7 23. Bh6+ Ke8 24. Bg4 Qd6 25. Qd2 Kd8 26. Rad1 Rc8 27. Qe3 Rc6
28. Ne5 Bxe5 29. Qxe5 Rg6 30. Qxd6+ Rxd6 31. Be3 f5 32. Bf3 f4 33. Bc1 Ng5 34.
Bg4 Rgf6 35. Re5 Nf7 36. Rh5 Nh6 37. Rxh6 Rxh6 38. Bxf4 Nc6 39. Bxh6 Rxh6 40.
Rxd5+ Kc7 41. Kf1 Rh7 42. Rh5 1-0

[Event "Six Nations Cup 26th"]
[Site "Knuellwald"]
[Date "2022.05.01"]
[Round "4.4"]
[White "Vukovic, Dobrivoje"]
[Black "Cizman, Gregor"]
[Result "0-1"]
[WhiteElo "1584"]
[BlackElo "1528"]
[PlyCount "100"]
[EventDate "2022.04.29"]
[EventType "team-tourn"]
[EventRounds "5"]
[EventCountry "GER"]
[WhiteTeam "Sweden IV"]
[BlackTeam "Slovenia V"]
[WhiteTeamCountry "SWE"]
[BlackTeamCountry "SLO"]

{[%evp 0,100,28,24,65,58,58,47,47,8,23,-2,3,-11,-11,-17,-9,-30,-19,-15,-15,-63,
-76,-54,-50,-41,-26,-124,-114,-114,-96,-87,-56,-55,-49,-40,-42,-37,-42,-42,-42,
-42,-37,-42,-42,-42,-42,-60,-73,-76,-31,-78,-36,-78,-70,-111,-111,-111,-111,
-114,-97,-130,-130,-140,-100,-122,-109,-109,-100,-128,-109,-129,-135,-120,-120,
-120,-120,-112,-112,-111,-133,-143,-151,-148,-165,-157,-173,-233,-213,-251,
-235,-245,-74,-80,-74,-97,-65,-141,-178,-220,-223,-271,-293]} 1. e4 c6 2. Nf3
d5 3. exd5 cxd5 4. Bb5+ Bd7 5. Bxd7+ Nxd7 6. O-O e6 7. d4 Bd6 8. c3 Ngf6 9. Bg5
Qb6 10. b3 Rc8 11. Bxf6 Nxf6 12. Qd3 O-O 13. Ne5 Bxe5 14. dxe5 Nd7 15. Qd4 Qxd4
16. cxd4 Rc6 17. Na3 a6 18. Rac1 Rfc8 19. Rxc6 Rxc6 20. f4 g6 21. Rf2 Rc1+ 22.
Rf1 Rc3 23. Rd1 Nb8 24. Rd2 Nc6 25. Kf2 Kf8 26. Ke2 Rc1 27. Rd1 Rxd1 28. Kxd1
Nxd4 29. Kd2 Ke7 30. Kd3 Nc6 31. Nc2 h5 32. h4 Kd7 33. Ke3 Ke7 34. Kf3 Kd7 35.
g4 Ne7 36. Nd4 Nc6 37. Nc2 Ke7 38. g5 Kd7 39. Ke3 Kc7 40. Kd3 Kb6 41. Kc3 a5
42. a3 Kc5 43. b4+ Kb5 44. Kb3 axb4 45. axb4 d4 46. Na3+ Kb6 47. Kc4 Ne7 48.
Nb5 Nf5 49. Nxd4 Nxh4 50. Ne2 Nf5 0-1

[Event "Six Nations Cup 26th"]
[Site "Knuellwald"]
[Date "2022.05.01"]
[Round "5.1"]
[White "Magnusson, Jorgen"]
[Black "De Jong, Lucas"]
[Result "1-0"]
[WhiteElo "2277"]
[BlackElo "1633"]
[PlyCount "49"]
[EventDate "2022.04.29"]
[EventType "team-tourn"]
[EventRounds "5"]
[EventCountry "GER"]
[WhiteTeam "Sweden IV"]
[BlackTeam "Netherlands I"]
[WhiteTeamCountry "SWE"]
[BlackTeamCountry "NED"]

1. e4 d6 2. d4 Nf6 3. Nc3 g6 4. Bg5 Bg7 5. e5 dxe5 6. dxe5 Nfd7 7. f4 O-O 8.
Nf3 c6 9. Bc4 b5 10. Bb3 Na6 11. Ne4 Qa5+ 12. c3 e6 13. Bc2 f6 14. exf6 Nxf6
15. Nxf6+ Bxf6 16. O-O Nc7 17. Ne5 Bxg5 18. fxg5 Bb7 19. Qd7 Qb6+ 20. Kh1 Rad8
21. Rxf8+ Rxf8 22. Ng4 Bc8 23. Qe7 Nd5 24. Nh6+ Kh8 25. Qxf8# 1-0

[Event "Six Nations Cup 26th"]
[Site "Knuellwald"]
[Date "2022.05.01"]
[Round "5.2"]
[White "Boer, Jan"]
[Black "Johansson, William"]
[Result "0-1"]
[WhiteElo "1666"]
[BlackElo "1984"]
[PlyCount "55"]
[EventDate "2022.04.29"]
[EventType "team-tourn"]
[EventRounds "5"]
[EventCountry "GER"]
[WhiteTeam "Netherlands I"]
[BlackTeam "Sweden IV"]
[WhiteTeamCountry "NED"]
[BlackTeamCountry "SWE"]

{[%evp 0,55,19,31,25,-16,7,46,59,59,59,59,81,75,116,91,75,50,50,50,63,30,141,
99,181,129,154,54,25,33,53,68,67,4,4,4,4,-13,-19,-19,6,11,36,-21,-31,-30,25,0,
0,-166,-166,-166,-166,-203,-191,-301,-301,-436]} 1. d4 Nf6 2. c4 c5 3. d5 e6 4.
Nc3 exd5 5. cxd5 d6 6. e4 g6 7. h3 Bg7 8. Nf3 O-O 9. Bd3 b5 10. a3 Z0 11. Bf4
b4 12. axb4 cxb4 13. Ne2 Re8 14. Nd2 Nh5 15. Be3 Bxb2 16. Rxa7 Rxa7 17. Bxa7
Ba6 18. Qc2 Bxd3 19. Qxd3 Nd7 20. O-O Qe7 21. Bd4 Bxd4 22. Nxd4 Ra8 23. Nc6 Qg5
24. Nf3 Qxg2+ 25. Kxg2 Nf4+ 26. Kh2 Nxd3 27. e5 dxe5 28. d6 0-1

[Event "Six Nations Cup 26th"]
[Site "Knuellwald"]
[Date "2022.05.01"]
[Round "5.3"]
[White "Johansson, Tage"]
[Black "Gundogmus, Alaettin"]
[Result "1-0"]
[WhiteElo "1877"]
[BlackElo "1588"]
[PlyCount "101"]
[EventDate "2022.04.29"]
[EventType "team-tourn"]
[EventRounds "5"]
[EventCountry "GER"]
[WhiteTeam "Sweden IV"]
[BlackTeam "Netherlands I"]
[WhiteTeamCountry "SWE"]
[BlackTeamCountry "NED"]

1. e4 e5 2. f4 Nc6 3. Nf3 exf4 4. d4 d6 5. Bxf4 Nf6 6. Nc3 Be7 7. Bc4 h6 8. h3
Na5 9. Bd3 Nc6 10. Qe2 a6 11. O-O-O Nh5 12. Bh2 Bg5+ 13. Kb1 Nb4 14. e5 Be6 15.
exd6 c6 16. Bc4 O-O 17. Bxe6 fxe6 18. Qxe6+ Kh8 19. Ne5 Rf6 20. Nf7+ Rxf7 21.
Qxf7 Nf6 22. Rhe1 b6 23. Re6 Qg8 24. Qxg8+ Kxg8 25. Rde1 Rd8 26. a3 Nbd5 27.
Nxd5 cxd5 28. R6e5 Bd2 29. R1e2 Bg5 30. Rf5 Ne4 31. Rxd5 Nd2+ 32. Ka2 Nc4 33.
d7 Ne3 34. Rd6 Nf5 35. Re8+ Kf7 36. Rxd8 Bxd8 37. Rd5 Ne3 38. Re5 Nxc2 39. Re8
Bf6 40. d8=Q Bxd8 41. Rxd8 Ne3 42. g4 Nc4 43. d5 Ke7 44. Rc8 b5 45. d6+ Kd7 46.
Rc7+ Kd8 47. Rxg7 Nb6 48. Rh7 Nc4 49. Rxh6 a5 50. g5 Nb6 51. g6 1-0